| 000 | 00395nam a2200157Ia 4500 | ||
|---|---|---|---|
| 003 | 0STCL | ||
| 008 | 150530s9999 xx 000 0 und d | ||
| 040 |
_aSTCL _cSTCL |
||
| 100 | _aLipschutz Seymour | ||
| 245 | _aSchaums outline of theory and problems of set theory and related topics | ||
| 260 | _c1964 | ||
| 546 | _aEnglish | ||
| 942 |
_2ddc _cBK |
||
| 999 |
_c21441 _d21441 |
||
| 005 | 20220125165921.0 | ||